Normal view
MARC view
Entry Geographic Name
001 - CONTROL NUMBER
- control field: 192574
003 - CONTROL NUMBER IDENTIFIER
- control field:
005 - DATE AND TIME OF LATEST TRANSACTION
- control field: 20210601194950.0
008 - FIXED-LENGTH DATA ELEMENTS
- fixed length control field: 210601|| aca||aabn | a|a d
040 ## - CATALOGING SOURCE
- Original cataloging agency:
- Transcribing agency:
151 ## - HEADING--GEOGRAPHIC NAME
- Geographic name: Great Britain
- General subdivision: History
- Chronological subdivision: 1789-1820
670 ## - SOURCE DATA FOUND
- Source citation: Work cat.: (): Leigh, Ione 192573, Castlereagh /, 1951
